000 01003nam0a22002531 4500
001 rc\3564459
005 20260407111300.0
021 _aRU
_bРг10695-76
021 _aRU
_b76-48651
035 _a(NLR Aleph) 007687793
090 _a6608610
_c6608610
100 _a20130115d1976 |||y0rusy50 ca
101 0 _arus
102 _aRU
105 _ay z |||||
200 1 _aРекомендации по искусственному восстановлению леса на вырубках в сосняках Мурманской области
_fГос. ком. лесного хоз-ва Совета Министров СССР. Арханг. ин-т леса и лесохимии
210 _aАрхангельск
_cБ. и.
_d1976
215 _a21 с.
_d20
712 0 2 _aИнститут леса и лесохимии
_cАрхангельск
_3RU\NLR\AUTH\8810063252
_9628104
801 0 _aRU
_bNLR
_gpsbo
801 1 _aRU
_bELAR
_2rusmarc
852 _aNLR
_j76-4/25953
942 _cBOOK
980 _aNB